| 000 | 01191nam0a22002411i 4500 | ||
|---|---|---|---|
| 001 | rc\4855788 | ||
| 005 | 20240724162705.0 | ||
| 021 |
_aRU _b[60-53840] |
||
| 035 | _a(NLR Aleph) 008901505 | ||
| 090 |
_a8705866 _c8705866 |
||
| 100 | _a20130426d1960 |||y0rusy50 ca | ||
| 101 | 0 | _arus | |
| 102 | _aRU | ||
| 105 | _ay d ||||| | ||
| 200 | 1 |
_aО языке тверской письменности XV-XVI вв. _e(На материале Инока Фомы "Слово похвальное о благоверном великом князе Борисе Александровиче") _eАвтореферат дис., представл. на соискание учен степени кандидата филол. наук _fМоск. гос. пед. ин-т им. В.И. Ленина |
|
| 210 |
_aМосква _d1960 |
||
| 215 |
_a15 с. _d21 |
||
| 604 |
_150010$aСлово похвальное о благоверном великом князе Борисе Александровиче _1700#0$aФома$cинок |
||
| 700 | 1 |
_aТуркина _bР.В. _gРоза Васильевна |
|
| 801 | 0 |
_aRU _bNLR _gpsbo |
|
| 801 | 1 |
_aRU _bELAR _2rusmarc |
|
| 852 |
_aNLR _j60-6/6622 |
||
| 942 | _cBOOK | ||